00493nam a2200157 a 4500020001800000082001300018100002000031245003400051260002900085300000900114500003500123650004600158942000800204952010600212999001700318 a8185026165 00a745bGRU aGrube, Rrnst J. aMirror for Princes from India aBombaybMarg Pub. c1991 a170p aincludes index and biblioraphy aIslamic Illumination of book Manuscripts  cRRB 001040708REFaHMIbHMIcREFd2007-09-10g100.00l0o745.67 GRUp015197r2007-09-10w2026-01-16yBK c10517d10517